000 00894nam a2200229Ii 4500
003 JO-AjNU
008 230605s9999||||xx |||||||||||||| ||und||
017 _a2011/16288
020 _a978-977-431-116-2
040 _aJO-AjNU
_bara
_erda
_cJO-AjNU
041 _aara
050 1 4 _aLB1715.H35 2012
100 3 _aاعداد حجاج، جهاد محمد ,
_eauthor
_957747
245 0 0 _aوحدة التدريب والجودة والتدريب على مواجهة الكوارث والأزمات داخل وخارج المدرسة
264 3 1 _aالقاهرة: مؤسسة طيبة للنشر والتوزيع، 2012
300 _a84ص
336 _atext
_btxt
_2rdacontent
337 _aunmediated
_bn
_2rdamedia
338 _avolume
_bnc
_2rdacarrier
490 0 _aسلسلة حقيبة الاعمال المدرسية
650 4 _aوحدة التدريب -ادارة الجودة
_957748
999 _aA25896
_c29464
_d29464